Liverpool /
Сохранить в:
| Главный автор: | |
|---|---|
| Другие авторы: | , , , , , , , , |
| Формат: | |
| Язык: | испанский |
| Опубликовано: |
Buenos Aires, Argentina :
4L,
2008, c2008
|
| Предметы: | |
| Метки: |
Нет меток, Требуется 1-ая метка записи!
|
MARC
| LEADER | 00000ngm^a2200000^a^4500 | ||
|---|---|---|---|
| 001 | 000383143 | ||
| 005 | 20251020000000.0 | ||
| 009 | 20260310120815.406 | ||
| 037 | |a Acervo ITESO - Biblioteca | ||
| 041 | |a ESP | ||
| 082 | |a Ar 860. |b ALO | ||
| 100 | |a Alonso, Lisandro |e (realización) | ||
| 240 | 1 | 1 | |a [Liverpool, de Lisandro Alonso] |
| 245 | 1 | 0 | |a Liverpool / |c Realización de L. Alonso. |
| 246 | 2 | |a Título en la cubierta: Liverpool | |
| 264 | 4 | |a Buenos Aires, Argentina : |b 4L, |c 2008, c2008 | |
| 264 | 2 | |a Nueva York, EUA : |b Kino Lorber [distribución], |c 2010, c2010 | |
| 300 | |a 1 DVD región 1 |c (85 min.) + |e 1 díptico | ||
| 336 | |a imagen móvil bidimensional |b tdi |2 rdacontenido | ||
| 337 | |a video |b v |2 rdamedio | ||
| 338 | |a videodisco |b vd |2 rdasoporte | ||
| 546 | |a En español, con subtítulos opcionales: inglés | ||
| 649 | |a XX | ||
| 650 | |a Minimalismo en el Cine | ||
| 650 | |a Poesía en el Cine | ||
| 650 | |a Road Movies | ||
| 650 | |a Cine Argentino - |y 2000-2009 | ||
| 650 | |a Cine Argentino - |y Siglo XXI | ||
| 650 | |a Alcoholismo | ||
| 650 | |a Relaciones Familiares | ||
| 650 | |a Aislamiento Social | ||
| 650 | |a Soledad | ||
| 650 | |a Zonas Rurales - |z Argentina | ||
| 650 | |a Paisajes - |z Argentina | ||
| 650 | |a Ushuaia, Argentina en el Cine | ||
| 650 | |a Tierra del Fuego en el Cine | ||
| 740 | 0 | |a Interview with Lisandro Alonso, director of Liverpool / |c L. Alonso ; entrevistado por R.E. Sweeney. | |
| 700 | |a Alonso, Lisandro |e (guión) | ||
| 700 | |a Roselli, Salvador |e (guión) | ||
| 700 | |a Bonelli, Lucio |e (fotógrafo) | ||
| 700 | |a Alonso, Lisandro |e (montaje) | ||
| 700 | |a Flormaleva |e (música) | ||
| 700 | |a Fernández, Juan |e (actuación) | ||
| 700 | |a Irrazabal, Giselle |e (actuación) | ||
| 700 | |a Cabrera, Nieves |e (actuación) | ||
| 700 | |a Sweeney, R. Emmet |e (entrevista) | ||
| 910 | |a Fondo General | ||
| 920 | |a Audiovisuales - DVDs | ||
| 940 | |a Películas | ||
| 905 | |a 302 | ||
| 901 | |a 0500277415 |b IT2 |c DVS |i C152183 |u 20250521 | ||
| 901 | |a 0500277416 |b IT2 |c MIN |i C152183 |u 20251020 | ||
| 902 | |a https://opac.biblio.iteso.mx/vufind/Record/000383143 | ||